Cvičení z organické chemie /

Main Author: Trojna, Milan
Other Authors: Podhorný, Miloslav, Řehoř, Jan
Language: Czech
Published: Praha : Státní pedagogické nakladatelství, 1963
Edition: 2. přeprac. vyd.
Series: Učební texty vysokých škol / Vysoká škola zemědělská v Praze, fakulta agronomická a ekonomická
Physical Description: 186 s.
Book
Saved in:
LEADER 00995nam a2200265 a 4500
001 000627588
003 CZ BrMZK
005 20180925105315.0
007 ta
008 021004s1963 xr f cze d
015 |a cnb000482727 
035 |a (OCoLC)42130641 
040 |a BOA001  |b cze  |c BOA001 
100 1 |a Trojna, Milan  |7 jx20040720146  |4 aut 
245 1 0 |a Cvičení z organické chemie /  |c Milan Trojan, Jan Řehoř, Miloslav Podhorný 
250 |a 2. přeprac. vyd. 
260 |a Praha :  |b Státní pedagogické nakladatelství,  |c 1963 
300 |a 186 s. 
490 1 |a Učební texty vysokých škol / Vysoká škola zemědělská v Praze, fakulta agronomická a ekonomická 
700 1 |a Podhorný, Miloslav  |4 aut 
700 1 |a Řehoř, Jan  |7 jk01110049  |4 aut 
810 2 |a Vysoká škola zemědělská v Praze.  |t Učební texty vysokých škol  |0 s 
910 |a BOA001  |b 4-0507.239 
990 |a BK 
996 7 |b 2619200931  |c 4-0507.239  |l MZK  |r Sklad / do 1 hodiny  |n 2  |w 000627588  |u 000010  |a 1  |e BOA001  |j MZK50  |s A